000 00626nam a22001931 4500
003 OSt
005 20150113171228.0
008 010710s1962 ag spa
040 _cBMC
082 _a985.03
100 1 _aDescola, Jean
_929839
245 1 3 _aLa vida cotidiana en el Perú en tiempos de los españoles, 1710-1820
_cJean Descola ; [traducción, Gabriela de Civiny]
260 _aBuenos Aires
_bHachette
_c1962
300 _a290 p.
_bil.
_c22 cm
490 _aNueva Colección Clío
651 2 4 _aPerú
_xHistoria
_y1548-1820 (Época colonial)
_929838
700 1 _aCiviny, Gabriela‏ de
_928683
942 _2ddc
_cBK
999 _c17024
_d17024